[Event "FIDE Chesscom Grand Swiss 2019"]
[Site "Douglas-Isle of Man"]
[Date "2019.10.21"]
[Round "11.26"]
[White "Sasikiran, Krishnan"]
[Black "Hess, Robert"]
[Result "1-0"]
[WhiteElo "2675"]
[BlackElo "2581"]
[Annotator "TA"]
[PlyCount "111"]
[EventDate "2019.10.10"]
[EventType "swiss"]
[EventCountry "GBR"]
[SourceTitle "playchess.com"]
[Source "ChessBase"]
[SourceQuality "1"]

{[%evp 12,111,56,20,30,38,40,32,31,22,41,31,22,25,35,10,40,16,41,0,0,0,31,25,22,33,27,35,27,0,0,-7,12,18,22,-4,66,49,149,152,148,151,183,181,231,231,267,250,295,194,199,194,195,205,204,197,202,202,381,421,368,415,399,386,406,379,349,464,480,486,470,464,486,486,486,486,474,441,456,452,933,864,817,652,652,570,586,586,568,550,1744,1757,2687,2179,7462,6577,5315,5274,5212,5089,4133,2185]} 1. e4 e6 2. d4 d5 3. Nc3 Bb4 4. e5 Qd7 5. Qg4 Bf8 6. Nf3 b6 7. Bb5 c6 {C16: French: 3 Nc3 Bb4 4 e5: Lines without ...c5} 8. Be2 Ba6 9. O-O Ne7 {White is slightly better.} 10. Rd1 Nf5 11. Nh4 h5 12. Qh3 $1 Nxh4 13. Qxh4 Be7 (13... c5 {looks sharper.} 14. dxc5 Bxc5 15. Qg5 Kf8 16. h4 Bxe2 17. Nxe2 Nc6) 14. Qg3 $146 ({Predecessor:} 14. Bg5 Qd8 15. Bxe7 Qxe7 {½-½ (30) Miettinen,K (2435)-Savage,A (2420) ICCF corr 2000}) 14... g6 15. a4 Bxe2 16. Nxe2 Na6 17. Bg5 h4 18. Qf4 Rc8 19. Bxe7 Qxe7 20. Qd2 Kf8 21. Ra3 {[%cal Ba1a3,Ba3f3,Bf3f2][%mdl 32]} Kg7 22. a5 $36 {[%mdl 2048] White is more active.} b5 23. Rf3 Rh5 (23... c5 $11) 24. g4 $14 hxg3 (24... Rh7 $14) 25. fxg3 $16 Rch8 {[#]} 26. Rf2 $1 Rf5 27. Nf4 Qg5 28. Rdf1 Nb8 29. Rg2 Qg4 30. Rff2 Nd7 31. h3 Rxh3 32. Nxh3 Qxh3 {[#]} 33. Rxf5 $1 exf5 $18 {[%mdl 4096] Endgame KQR-KQN} 34. Qg5 {aiming for Rh2.} f6 $2 (34... Qg4 {was called for.} 35. Qxg4 fxg4) 35. Qf4 (35. exf6+ Nxf6 36. Re2 (36. Rh2 Qg4 $16) 36... Ne4 $18) 35... fxe5 36. dxe5 {Strongly threatening e6.} Qh5 37. Rd2 {Black must now prevent e6.} ({Not} 37. Qd4 Kf7 $18) 37... Nc5 {[#]} 38. e6 $1 {[%mdl 576] Decoy} Nxe6 39. Qe5+ Kf7 {White is clearly winning.} 40. Re2 Nf8 41. Qe8+ Kg8 {intending ...Qg4.} 42. Kg2 Qg5 43. Qxc6 f4 44. Qc3 b4 45. Qf3 fxg3 {[#]} (45... Kf7 $142 46. Rd2 Ke6) 46. Re8 $1 {[%mdl 512]} Qd2+ 47. Qe2 Qxe2+ 48. Rxe2 {KR-KN} Kf7 49. Re3 Ne6 50. Rb3 Nd4 51. Rxb4 Nxc2 52. Rb7+ Ke6 53. Rxa7 d4 54. Kxg3 d3 55. Kf2 Nd4 56. Ke3 {[%mdl 64] Double Attack. Accuracy: White = 70%, Black = 40%.} 1-0

[Event "FIDE Chesscom Grand Swiss 2019"]
[Site "Douglas-Isle of Man"]
[Date "2019.10.21"]
[Round "11.26"]
[White "Efimenko, Zahar"]
[Black "Iturrizaga Bonelli, Eduardo"]
[Result "1-0"]
[WhiteElo "2604"]
[BlackElo "2629"]
[Annotator "TA"]
[PlyCount "45"]
[EventDate "2019.10.10"]
[EventType "swiss"]
[EventCountry "GBR"]
[SourceTitle "playchess.com"]
[Source "ChessBase"]
[SourceQuality "1"]

{[%evp 15,45,41,33,38,35,33,38,33,60,46,53,51,52,45,56,67,61,63,81,88,168,172,144,173,196,196,608,592,1201,1206,1422,1418]} 1. e4 c6 2. d4 d5 3. Nc3 dxe4 4. Nxe4 Nf6 5. Nxf6+ exf6 6. c3 Bd6 7. Bd3 O-O 8. Ne2 Re8 9. Qc2 {B15: Caro-Kann: 3 Nc3: 3...g6 and 3...dxe4 4 Nxe4 Nf6 5 Nxf6+ exf6} h5 10. O-O (10. Be3 Nd7 11. Ng3 Bf4 12. O-O-O Bxe3+ 13. fxe3 Rxe3 14. Rde1 Rxe1+ 15. Rxe1 Nf8 16. Nxh5 {½-½ (36) Mamedov,R (2650)-Cheparinov,I (2667) Hengshui 2019}) 10... h4 11. h3 {White is slightly better.} Na6 $146 ({Predecessor:} 11... Nd7 12. Be3 Nf8 13. c4 Bc7 14. Rfe1 {½-½ (35) Srijit,P (2247)-Hansen,T (2429) Escaldes 2017}) 12. Be3 Nc7 13. c4 Ne6 14. Rfe1 Bc7 15. Rad1 Qd6 {[#]} 16. Nf4 $1 {[%mdl 512] Strongly threatening d5.} g5 ({Not} 16... Nxf4 $2 17. Bxf4 Qf8 18. Rxe8 $18) 17. c5 Qd8 (17... Qf8 $16 {was called for.} 18. Ne2 Bd7) 18. Nh5 $1 $18 Ng7 {[#]} 19. Qe2 $1 Be6 20. Qf3 ({Weaker is} 20. Nxg7 Kxg7 21. Bc2 (21. Qh5 Rh8 $15) 21... Qd5 $11) 20... Nxh5 $2 (20... f5) 21. Qxh5 {White is clearly winning.} Kf8 {[#]} 22. Bxg5 $1 {[%mdl 512] And now Bf5! would win.} fxg5 {[#]} 23. Qh6+ $1 {Accuracy: White = 98%, Black = 42%.} 1-0

[Event "FIDE Chesscom Grand Swiss 2019"]
[Site "Douglas-Isle of Man"]
[Date "2019.10.21"]
[Round "11.27"]
[White "Cheparinov, Ivan"]
[Black "Mareco, Sandro"]
[Result "1/2-1/2"]
[WhiteElo "2670"]
[BlackElo "2634"]
[Annotator "TA"]
[PlyCount "263"]
[EventDate "2019.10.10"]
[EventType "swiss"]
[EventCountry "GBR"]
[SourceTitle "playchess.com"]
[Source "ChessBase"]
[SourceQuality "1"]

{[%evp 19,263,14,11,6,6,6,8,4,19,12,17,11,23,20,31,26,26,25,37,35,31,40,34,0,0,0,0,0,0,-46,-49,-44,-54,-95,-101,-160,-152,-159,-155,-141,-10,-6,179,190,172,127,489,489,475,104,104,104,104,0,0,0,104,104,104,104,104,104,104,104,104,104,104,104,104,104,104,104,104,104,104,104,104,104,108,0,97,97,97,62,104,62,62,62,62,62,62,62,62,62,62,62,62,62,62,62,62,62,128,62,62,62,62,62,62,62,62,62,62,62,62,62,62,62,62,62,62,62,62,62,62,62,65,62,62,62,65,62,83,0,65,62,65,65,65,0,0,0,0,0,0,0,0,0,0,0,0,0,116,0,0,0,0,0,0,0,0,0,0,0,0,0,0,0,0,0,0,0,0,0,0,0,0,0,0,0,0,0,0,0,0,0,0,0,8,0,0,0,0,0,0,0,0,0,0,0,0,0,0,0,0,0,0,0,0,0,0,0,0,0,0,0,0,0,109,0,0,0,0,0,0,0,0,0,0,0,0,0,0,0,0,0,0,0,0,0,0,0,0,0,0,0]} 1. d4 Nf6 2. c4 e6 3. Nf3 b6 4. g3 Ba6 5. b3 Bb4+ 6. Bd2 Be7 7. Bg2 d5 8. cxd5 exd5 9. O-O O-O 10. Nc3 Re8 11. Ne5 {E15: Queen's Indian: 4 g3 sidelines, 4 g3 Ba6 and 4 g3 Bb7 early deviations} Bb7 12. Rc1 Nbd7 13. Rc2 Nf8 14. Bc1 Ne6 15. Bb2 a6 16. e3 Bd6 $146 ({Predecessor:} 16... Ra7 17. Na4 c5 18. dxc5 bxc5 {1-0 (35) Bluebaum,M (2642)-Meskovs,N (2483) Germany 2017}) 17. h4 Rc8 18. Ng4 Be7 19. Nxf6+ Bxf6 20. b4 c6 21. Rd2 a5 22. a3 {[%cal Ba2a3,Ba3b4][%mdl 32]} axb4 23. axb4 Nc7 24. e4 Ba6 25. Re1 Bc4 26. Qh5 Be7 27. exd5 (27. b5 $142) 27... Bxb4 $17 28. Re5 Nxd5 29. Nxd5 Rxe5 ({And not} 29... Bxd2 30. Be4 $16) (29... cxd5 $17 30. Rc2 g6) 30. dxe5 $40 {[%mdl 128] White attacks.} Bxd2 $2 {[#]} (30... cxd5 $11 31. e6 Qe7 32. exf7+ Qxf7 33. Bxd5 Bxd5 34. Rxd5 Qxh5 35. Rxh5 Rc4) 31. e6 $1 $18 {[%mdl 512]} fxe6 {[#]} 32. Qg4 $1 {[%csl Gb2][%cal Rg4g7][%mdl 512]} Bh6 $2 {[%mdl 8192]} (32... Bg5 $16 33. Ne3 Bf6 34. Nxc4 Bxb2) 33. Qxe6+ Kf8 34. Be5 $2 (34. Ba3+ $18 {and White stays clearly on top.} c5 35. Qf5+ {[%mdl 64] Double Attack} Kg8 36. Qxc8 $1 {[%mdl 576] Deflection, Decoy} Qxc8 37. Ne7+ {[%mdl 64] Double Attack} Kf7 38. Nxc8) 34... g6 $16 {[%cal Rc4d5] [#]} 35. Bd6+ $1 {[%mdl 1024] White has strong compensation.} Kg7 36. Be5+ (36. Be7 $16 Qe8 37. Bf6+ Kf8 38. Qd6+ Kf7 39. Nxb6 {[%mdl 64] Double Attack}) 36... Kf8 $11 37. Bd6+ (37. Bf6 $11 Bxd5 38. Bxd5 Qxd5 39. Qxc8+ Kf7 40. Qh8) 37... Kg7 $16 38. Be7 {Bf6+ would kill now.} Qe8 39. Bf6+ Kf8 40. Qd6+ Kf7 41. Nxb6 {[%mdl 64] Double Attack} Be6 42. Nxc8 Qxc8 43. Bd4 Bg7 44. Bxg7 Kxg7 45. Bxc6 Bf7 46. Qe5+ Kg8 47. Be4 Qe6 48. Qd4 Qc4 49. Qe5 Qe6 $1 {[%cal Re6e5]} 50. Qf4 Kg7 51. g4 Qf6 52. Qg3 h6 53. g5 hxg5 54. hxg5 Qd4 55. Qf4 Be6 56. Kg2 Bf7 57. Kg3 Qc3+ 58. Bf3 (58. Kh2 {is interesting.} Qb2 59. Bd3 Kg8 60. Kg3 Qc3 61. Qd6) 58... Qa1 59. Qe3 Qb2 60. Be4 Qb3 (60... Qe5+ $14 61. Qf4 Qa1) 61. Bd3 (61. Qxb3 $16 Bxb3 62. Kf4) 61... Qc3 62. Kh4 (62. Bf1 {looks sharper.} Qc7+ 63. Qf4 Qb6 64. Bh3 Qb2 65. Bg2) 62... Qa1 63. Be4 Qe5 64. Kh3 Kf8 65. Kg2 Kg7 66. Kf3 Qb2 67. Qc5 Qa1 68. Kg2 Qb2 69. Qd6 (69. Kg1 {seems wilder.} Qb8 70. Bf3 Qf4 71. Bg2 Qg4 72. Qe5+) 69... Qc3 70. Bf3 Qb2 71. Bg4 Qb7+ 72. Kg3 Qb3+ 73. Kh4 Qb2 74. Qc5 Qa1 75. Qe3 Qb2 76. Qc5 Qa1 $1 77. Bh3 (77. Bf3 {with more complications.} Qg1 78. Qe5+ Kh7 79. Qg3 Qe1 80. Kh3) 77... Qa4+ 78. Kg3 Qb3+ 79. f3 (79. Qe3 $14) 79... Qb2 80. Qe3 Qb8+ 81. Kg2 (81. f4 {feels hotter.} Qb1 82. Bd7 Kh7 83. Bg4 Qf1 84. Bh3) 81... Qb2+ 82. Kg1 Qa1+ 83. Kh2 Qb2+ 84. Bg2 Kg8 85. f4 Qb3 (85... Qc2 $11) 86. Qe5 (86. Qxb3 $16 {Intending Bd5 and mate.} Bxb3 87. Kg3) 86... Qd3 87. Kg1 Qg3 88. Qd4 Qe1+ 89. Kh2 Qh4+ 90. Bh3 Qe1 91. Kg2 Qe2+ 92. Kg3 Qe1+ 93. Kf3 Qe7 94. Kf2 (94. Bg2 {with more complications.} Qe1 95. Qd8+ Kg7 96. Qf6+ Kg8 97. Qd4) 94... Qa3 95. Bg4 (95. Qd8+ {is interesting.} Kh7 96. Qd7 Qb2+ 97. Kg3 Qc3+ 98. Kg2) 95... Qa2+ 96. Be2 Qe6 97. Qe5 Qb6+ 98. Kg2 Qb3 99. Bf3 Qd3 100. Kf2 (100. Qb8+ {keeps more tension.} Kh7 101. Kg3 Qd2 102. Qe5 Kg8 103. Qe7) 100... Qd2+ 101. Be2 Qb4 102. Bb5 Qd2+ 103. Kg3 Qd1 (103... Kh7 {is more complex.} 104. Be2 Qe1+ 105. Kf3 Kg8 106. Ke3 Qc1+) 104. Be2 Qg1+ 105. Kf3 Qh1+ 106. Ke3 Qc1+ 107. Kd4 Qg1+ 108. Kc3 Qe1+ 109. Kc2 Qb4 110. Bd3 Qb3+ 111. Kd2 Qb4+ 112. Ke2 Qb6 113. Bb5 Qa5 114. Qb8+ Kg7 115. Bd3 Qa2+ 116. Ke3 Qg2 117. Be2 Qg3+ 118. Kd2 Qb3 (118... Kh7 $11) 119. Qe5+ (119. Qxb3 $16 {White threatens Bc4 and mate.} Bxb3 120. Ke3) 119... Kg8 $11 {The position is equal.} 120. Bd3 Qb4+ 121. Ke2 Qb6 122. Be4 Qa6+ 123. Kf2 Qa2+ 124. Kg3 Qb3+ 125. Kg2 Qa2+ 126. Kh3 Qb3+ 127. Kh4 Qe3 128. Bg2 Qd2 129. Kg3 Qd3+ 130. Kf2 Qd2+ 131. Kg3 Qd3+ 132. Kf2 {Accuracy: White = 55%, Black = 75%.} 1/2-1/2

[Event "FIDE Chesscom Grand Swiss 2019"]
[Site "Douglas-Isle of Man"]
[Date "2019.10.21"]
[Round "11.27"]
[White "Christiansen, Johan-Sebastian"]
[Black "Ponomariov, Ruslan"]
[Result "1/2-1/2"]
[WhiteElo "2558"]
[BlackElo "2675"]
[Annotator "TA"]
[PlyCount "42"]
[EventDate "2019.10.10"]
[EventType "swiss"]
[EventCountry "GBR"]
[SourceTitle "playchess.com"]
[Source "ChessBase"]
[SourceQuality "1"]

{[%evp 10,42,51,-20,27,0,19,20,13,0,26,-9,0,4,-6,-13,-10,-28,-26,-39,10,0,0,-7,0,0,0,0,0,0,0,0,0,0,0]} 1. e4 e6 2. d4 d5 3. Nc3 Bb4 4. e5 b6 5. Qg4 Bf8 6. f4 (6. Nf3 $14) 6... Qd7 {C16: French: 3 Nc3 Bb4 4 e5: Lines without ...c5} (6... Ne7 7. Bd3 Ba6 8. Bxa6 Nxa6 9. Qe2 Nb4 10. a3 Nbc6 11. Nf3 Nf5 12. Be3 h5 13. O-O Qd7 14. Bf2 {½-½ (46) Arjun,K (2269)-Malakhatko,V (2514) Chennai 2017}) 7. Qd1 h5 8. Nf3 Nh6 9. Be3 $146 ({Predecessor:} 9. Be2 Ba6 10. Bxa6 Nxa6 11. Qe2 Nb4 12. a3 Nc6 13. Nd1 Nf5 {0-1 (50) Csalami,G (1902)-Szollosi,L (2158) Budapest 2015}) 9... Be7 10. a4 Nf5 11. Bf2 Ba6 12. Bxa6 (12. Be2 {is more complex.} O-O 13. Bb5 c6 14. Bxa6 Nxa6 15. Ne2) 12... Nxa6 {[%cal Bb8a6,Ba6b4,Bb4c6][%mdl 32]} 13. Qe2 Nb4 14. a5 Rc8 15. axb6 {The position is equal.} axb6 16. Ra7 Nc6 17. Ra2 Nb4 18. Ra7 Nc6 19. Ra2 Nb4 20. Ra7 Nc6 21. Ra2 Nb4 {Accuracy: White = 35%, Black = 55%.} 1/2-1/2

[Event "FIDE Chesscom Grand Swiss 2019"]
[Site "Douglas-Isle of Man"]
[Date "2019.10.21"]
[Round "11.28"]
[White "Shankland, Sam"]
[Black "Gavrilescu, David"]
[Result "1-0"]
[WhiteElo "2705"]
[BlackElo "2451"]
[Annotator "TA"]
[PlyCount "91"]
[EventDate "2019.10.10"]
[EventType "swiss"]
[EventCountry "GBR"]
[SourceTitle "playchess.com"]
[Source "ChessBase"]
[SourceQuality "1"]

{[%evp 11,91,11,17,12,21,19,13,12,16,10,22,42,40,26,49,51,46,34,43,48,75,38,38,18,86,91,141,77,143,150,260,239,302,303,298,299,295,281,279,211,202,195,217,211,219,204,247,241,221,225,305,308,296,232,406,398,391,395,389,377,389,375,358,372,431,432,429,414,433,421,420,345,458,499,709,715,683,684,634,615,5766,5093]} 1. c4 e6 2. Nc3 d5 3. d4 Bb4 4. a3 Bxc3+ 5. bxc3 Nf6 6. cxd5 exd5 7. e3 {E24: Nimzo-Indian: Sämisch: Unusual Black 5th moves and 5...c5 sidelines} Bf5 (7... O-O 8. Bd3 c5 9. Ne2 b6 10. O-O Ba6 11. f3 Re8 12. Ng3 Bxd3 13. Qxd3 Nc6 14. Bb2 h5 15. Rae1 h4 16. Nf5 Nh5 17. e4 h3 18. g3 Ne7 19. e5 Qd7 20. Nd6 Rf8 21. Nxf7 c4 22. Qc2 Rxf7 23. e6 Qd6 24. exf7+ Kxf7 25. Re5 {1-0 (25) Matlakov,M (2692)-Bellahcene,B (2560) Dubai 2019}) 8. f3 Nc6 9. Ne2 {The position is equal.} h5 10. Ra2 $146 ({Predecessor:} 10. Ng3 Bg6 11. Bd3 Bxd3 12. Qxd3 h4 13. Ne2 {½-½ (68) Filip,L (2197)-Burnoiu,N (2353) Baile Tusnad 2000}) 10... Qd7 11. Nf4 Na5 12. Be2 O-O-O 13. O-O Qc6 14. Nd3 Bxd3 $1 15. Bxd3 Rhe8 16. a4 a6 17. Re2 Nc4 (17... Nd7 $11) 18. Qb3 $16 Nd6 19. Ba3 (19. Rc2 $142 $1) 19... Re7 (19... Nc4 $142) 20. Rc1 Qe8 {[#]} (20... Ree8 $16) 21. Kf2 $1 $18 Re6 22. Rb1 Qc6 {[#]} 23. Bxd6 $1 Rexd6 24. Reb2 Qb6 25. Qxb6 cxb6 26. Rxb6 Rxb6 27. Rxb6 {[%mdl 4096] Endgame KRB-KRN} Kc7 28. Rb2 Nd7 29. e4 dxe4 30. fxe4 Nb6 31. a5 Nc8 32. e5 f6 $2 (32... Ne7 {keeps fighting.} 33. Rb4 h4) 33. Be4 {[%csl Ge4][%cal Rb2b7]} b6 34. exf6 Rf8 35. axb6+ Nxb6 36. Ra2 Rxf6+ 37. Ke2 Nd7 38. c4 {[%cal Bc3c4,Bc4c5][%mdl 32]} Rd6 39. Ke3 Nf6 {White should prevent ...Re6.} 40. Bf3 g5 41. g3 g4 42. Bg2 {White is clearly winning.} Rb6 (42... Re6+ $142 43. Kd3 Nd7) 43. c5 Rb3+ 44. Kf4 Rb4 45. Rxa6 Rxd4+ 46. Ke3 {Accuracy: White = 78%, Black = 37%.} 1-0

[Event "FIDE Chesscom Grand Swiss 2019"]
[Site "Douglas-Isle of Man"]
[Date "2019.10.21"]
[Round "11.28"]
[White "Zhang, Zhong"]
[Black "Saric, Ivan"]
[Result "1/2-1/2"]
[WhiteElo "2636"]
[BlackElo "2667"]
[Annotator "TA"]
[PlyCount "123"]
[EventDate "2019.10.10"]
[EventType "swiss"]
[EventCountry "GBR"]
[SourceTitle "playchess.com"]
[Source "ChessBase"]
[SourceQuality "1"]

{[%evp 19,123,0,0,0,0,-13,-28,-29,-11,-24,-10,-7,-20,-16,-22,-37,22,22,26,0,38,24,58,24,33,42,33,46,64,14,1,0,27,-19,-10,0,0,0,-6,-24,-5,-5,-4,-4,0,0,0,-200,-181,-187,-177,-193,-198,-196,-3,-3,0,0,0,0,-5,-5,-5,-5,-5,-41,-31,-39,-20,-28,0,-8,-8,-15,0,0,0,0,0,0,0,0,0,0,0,0,0,0,0,0,0,0,0,0,0,0,0,0,0,0,0,0,7,0,0,0]} 1. e4 c5 2. Nf3 Nc6 3. d4 cxd4 4. Nxd4 Nf6 5. Nc3 d6 6. Be2 e5 7. Nf3 h6 8. O-O Be7 9. Re1 O-O 10. Bf1 Bg4 11. h3 {B58: Classical Sicilian: 6 Be2} Bh5 12. g4 Bg6 13. Bg2 {Black has an edge.} Rc8 14. Nh4 {[#]} Bxe4 $1 {[%mdl 512]} 15. Nxe4 Nxe4 16. Nf5 {[#]} d5 $146 ({Predecessor:} 16... Ng5 17. c3 Rc7 18. Be3 Ne6 {0-1 (56) Pavia Miralles,J (2291)-Hernandez Guerrero,G (2572) Mislata 2000}) 17. Be3 Bf6 ({Black should try} 17... Nf6 $15) 18. c3 $11 Rc7 19. Qd3 g6 20. Nxh6+ Kg7 $1 21. Bxe4 (21. Rad1 {feels hotter.} Bh4 22. Bxe4 dxe4 23. Qxe4 Qe7 24. Qg2) 21... dxe4 22. Qxd8 $1 ({Worse is} 22. Qxe4 Bg5 $17) 22... Bxd8 23. g5 Na5 24. h4 Nc4 25. Bxa7 f5 26. Rad1 (26. Bb8 $5 {[%cal Rb8c7]} Rc8 27. b3 Rxb8 28. bxc4 $11) 26... Be7 {With the idea ...b6.} 27. Be3 Ra8 28. a3 Nxb2 {[%mdl 64] Discovered Attack} 29. Bb6 $1 {[%cal Rb6c7]} Rxc3 30. Rd7 $132 {[%mdl 2048] White is not holding back} Kf8 31. Rb1 Nc4 {And now ...Rd3 would win.} 32. h5 Ke8 (32... gxh5 $2 33. Nxf5 Kf7 34. Rxe7+ $18) 33. Rxe7+ $2 (33. Rxb7 $11 Nd6 34. Ba5 Nxb7 35. Bxc3 Bxg5 36. Nxf5 gxf5 37. Rxb7) 33... Kxe7 $19 34. hxg6 Nd2 ({Not} 34... Nxa3 35. Ra1 $11) 35. Rd1 Nf3+ 36. Kf1 Rc6 $2 ({Stronger than} 36... Nxg5 {[#]} 37. Rd8 $1 $11 {[%mdl 512]}) (36... Ke6 $19 37. g7 Rcc8) 37. Nxf5+ $11 Ke6 38. Ng7+ Ke7 39. Nf5+ Kf8 40. g7+ Kf7 41. Be3 Rg6 {aiming for ...Ke6.} 42. Ng3 Rxg7 {White must now prevent ...Ke6.} 43. Nxe4 Nh4 44. Rb1 Kf8 45. Bc5+ {The position is equal.} Kg8 46. Ke2 Ra4 47. Nf6+ Kf7 $1 {[%cal Rf7g6]} 48. Rxb7+ Kg6 49. Rxg7+ Kxg7 {[%mdl 4096] Endgame KRN-KBN} 50. Nd7 Ng6 51. Bb4 Kf7 52. Kd3 Ra8 {Strongly threatening ...Rd8.} 53. Ke4 Ke6 54. Nc5+ Kd6 55. Nd3+ Ke6 56. Nc5+ Kd6 57. f3 Rh8 58. Nd3+ Ke6 59. Nc5+ Kf7 60. Kd5 Rh1 61. Nd3 Rh3 62. Nxe5+ {Accuracy: White = 74%, Black = 60%.} 1/2-1/2

[Event "FIDE Chesscom Grand Swiss 2019"]
[Site "Douglas-Isle of Man"]
[Date "2019.10.21"]
[Round "11.29"]
[White "Fedoseev, Vladimir"]
[Black "Tari, Aryan"]
[Result "1-0"]
[WhiteElo "2664"]
[BlackElo "2630"]
[Annotator "TA"]
[PlyCount "137"]
[EventDate "2019.10.10"]
[EventType "swiss"]
[EventCountry "GBR"]
[SourceTitle "playchess.com"]
[Source "ChessBase"]
[SourceQuality "1"]

{[%evp 9,137,40,31,17,14,6,22,4,0,-13,-20,-45,-10,-6,16,23,21,22,47,39,49,49,43,53,49,50,56,43,91,90,92,86,97,100,122,153,109,98,118,113,130,120,135,126,131,110,198,189,195,197,189,97,129,113,146,154,146,108,206,204,303,280,277,75,76,79,80,79,80,75,83,60,61,61,61,62,71,72,110,91,114,83,121,115,114,114,137,135,135,133,134,115,129,114,107,0,123,118,135,97,118,122,120,29961,29961,29968,29966,29969,29969,29970,29969,29971,29969,29971,29971,29969,29973,29974,29974,29975,29975,29976,29976,29977,29977,29978,29978,29979,29978,29979]} 1. d4 Nf6 2. c4 g6 3. h4 c5 4. d5 b5 5. cxb5 a6 6. e3 {E60: King's Indian: Unusual lines and Fianchetto Variation without Nc3} Bg7 7. Nc3 O-O 8. a4 $146 {The position is equal.} ({Predecessor:} 8. Nf3 d6 9. a4 Bg4 10. Ra3 axb5 11. Bxb5 {0-1 (47) Grischuk,A (2766)-Vachier Lagrave,M (2775) Riga 2019}) 8... e6 9. d6 axb5 10. Bxb5 Bb7 11. Nf3 Na6 12. O-O Nb4 13. Qe2 Ne4 14. Nxe4 $1 Bxe4 15. Ng5 Bc6 16. Bd2 Qb6 17. Bc3 f6 18. Nf3 Nd5 19. e4 Nxc3 20. bxc3 f5 21. e5 Bxf3 22. Qxf3 ({Much worse is} 22. gxf3 $6 Qd8 $11) 22... Bxe5 23. Bxd7 Qxd6 24. Rad1 Qe7 25. Rfe1 Qf6 26. Rd3 Kh8 27. Qc6 Bxc3 (27... Ra5 $16) 28. Rxe6 $18 Qg7 29. Qxc5 Bf6 30. Qc4 (30. a5 $18) 30... Rad8 31. Red6 f4 32. a5 {[%cal Ba4a5,Ba5a6][%mdl 32]} Bxh4 33. a6 Be7 (33... Rb8 $16 {keeps fighting.} 34. Bc6 Rb2) 34. R6d5 Ra8 (34... f3 {is a better defense.} 35. gxf3 (35. Rxf3 Qa1+ 36. Qf1 Qxf1+ 37. Kxf1 Rxf3 $16) 35... Rb8) 35. Bb5 Rac8 36. Qd4 $2 (36. Qa4 $18 {has better winning chances.}) 36... Rc1+ $16 37. Rd1 Qxd4 38. R5xd4 Rxd1+ 39. Rxd1 {[%mdl 4096] Endgame KRB-KRB} Bc5 40. Bc6 Rf6 41. Bb7 Kg7 42. Kf1 h6 43. Ke2 f3+ 44. gxf3 g5 45. Rc1 Ba7 46. Bc8 {aiming for Rc7+.} Rf7 47. Rc6 Re7+ 48. Kf1 $1 Bd4 49. Be6 h5 50. Kg2 h4 51. Bc4 Rd7 52. Be6 Re7 $1 53. Bd5 Kf8 54. Rc8+ Re8 55. Rc4 Ba7 56. Rc7 $2 {[%mdl 8192]} (56. f4 $16) 56... Re7 {White mates.} 57. Rxa7 $1 Rxa7 {KR-KB} 58. Bb7 $1 Ke7 59. Kh3 Kf6 60. Kg4 Ke5 {[#]} 61. f4+ $1 {[%mdl 512]} gxf4 62. Kxh4 f3 63. Kg4 Kf6 64. Kxf3 Kf5 65. Ke3 Ke5 66. Kd3 Kf4 {[#]} 67. Ke2 $1 {[%cal Re2d2]} Kg5 68. Ke3 Kf5 {[#]} 69. Kf3 $1 {Accuracy: White = 72%, Black = 50%.} 1-0

[Event "FIDE Chesscom Grand Swiss 2019"]
[Site "Douglas-Isle of Man"]
[Date "2019.10.21"]
[Round "11.29"]
[White "Erenberg, Ariel"]
[Black "Gonzalez Vidal, Yuri"]
[Result "1-0"]
[WhiteElo "2463"]
[BlackElo "2552"]
[Annotator "ChessBase"]
[PlyCount "85"]
[EventDate "2019.10.10"]
[EventType "swiss"]
[EventCountry "GBR"]
[SourceTitle "playchess.com"]
[Source "ChessBase"]
[SourceQuality "1"]
[TimeControl "40/6000+30:20/3000+30:900+30"]

1. Nf3 {[%emt 0:00:01]} Nf6 {[%emt 0:00:00]} 2. c4 {[%emt 0:01:14]} e6 {[%emt 0:00:22]} 3. g3 {[%emt 0:00:15]} d5 {[%emt 0:00:18]} 4. Bg2 {[%emt 0:00:11]} dxc4 {[%emt 0:01:54]} 5. Qa4+ {[%emt 0:00:15]} Bd7 {[%emt 0:02:56]} 6. Qxc4 {[%emt 0:00:10]} c5 {[%emt 0:00:14]} 7. Ne5 {[%emt 0:00:16]} Qc8 {[%emt 0:00:30]} 8. Qd3 {[%emt 0:00:11]} Nc6 {[%emt 0:00:50]} 9. Nxd7 {[%emt 0:00:06]} Nxd7 {[%emt 0:00:07]} 10. Nc3 {[%emt 0:03:23]} a6 {[%emt 0:04:30]} 11. O-O {[%emt 0:02:04]} Be7 {[%emt 0:00:19]} 12. b3 {[%emt 0:00:47]} O-O {[%emt 0:00:48]} 13. Bb2 {[%emt 0:00:23]} Qc7 {[%emt 0:03:56]} 14. Rac1 {[%emt 0:05:16]} Rfd8 {[%emt 0:00:40]} 15. Rfd1 {[%emt 0:15:45]} Rac8 {[%emt 0:01:30]} 16. Qb1 {[%emt 0:14:55]} Qb8 {[%emt 0:05:03]} 17. e3 {[%emt 0:08:44]} Qa7 {[%emt 0:05:41]} 18. Ne4 {[%emt 0:13:01]} f5 {[%emt 0:07:13]} 19. Nc3 {[%emt 0:00:41]} Bf6 {[%emt 0:01:38]} 20. Ne2 {[%emt 0:03:34]} Bxb2 {[%emt 0:17:53]} 21. Qxb2 {[%emt 0:00:03]} Nf8 {[%emt 0:00:56]} 22. Qa3 {[%emt 0:21:32]} b6 {[%emt 0:19:51]} 23. d4 {[%emt 0:00:28]} Ne7 {[%emt 0:03:06]} 24. dxc5 {[%emt 0:01:05]} Rxd1+ {[%emt 0:04:55]} 25. Rxd1 {[%emt 0:00:01]} Rxc5 {[%emt 0:00:07]} 26. Nd4 {[%emt 0:03:48]} Rc7 {[%emt 0:07:47]} 27. b4 {[%emt 0:01:44]} b5 {[%emt 0:02:06]} 28. Qa5 {[%emt 0:02:25]} e5 {[%emt 0:06:07]} 29. Nb3 {[%emt 0:00:21]} e4 {[%emt 0:00:25]} 30. Nc5 {[%emt 0:01:21]} Nc6 {[%emt 0:00:16]} 31. Qa3 {[%emt 0:01:11]} a5 {[%emt 0:05:43]} 32. Qb3+ {[%emt 0:00:42]} Kh8 {[%emt 0:00:45]} 33. a3 {[%emt 0:00:57]} axb4 {[%emt 0:00:39]} 34. axb4 {[%emt 0:00:03]} h6 {[%emt 0:01:30]} 35. Rd5 {[%emt 0:06:33]} Qa1+ {[%emt 0:01:36]} 36. Bf1 {[%emt 0:00:21]} Qf6 {[%emt 0:00:48]} 37. Bxb5 {[%emt 0:00:55]} Ne5 {[%emt 0:00:10]} 38. Be2 {[%emt 0:00:46]} Ra7 {[%emt 0:00:46]} 39. Rd1 {[%emt 0:01:07]} g5 {[%emt 0:02:43]} 40. b5 {[%emt 0:01:03]} Nfd7 {[%emt 0:00:31]} 41. Nxd7 {[%emt 0:51:29]} Nxd7 {[%emt 0:05:26]} 42. Qd5 {[%emt 0:00:00]} g4 {[%emt 0:01:18]} 43. Bc4 {[%emt 0:00:00]} 1-0